OLI paradigma (alebo Eklektická teória PZI)

Vysvetlenie pojmu OLI paradigma a jeho charakteristika. Faktor "O" ako výhody vlastníctva, t.j. špecifické firemné výhody (výhody vlastníctva technológie, riadenie). Faktor "L" ako geografické výhody hostiteľskej krajiny. Faktor "I" ako výhody z internalizácie (transakcie medzi materskou spoločnosťo...

Full description

Saved in:
Bibliographic Details
Main Author: Kováč, Matej
Format: Book Chapter
Language:Slovak
Subjects:
Tags: Add Tag
No Tags, Be the first to tag this record!

MARC

LEADER 00000naa$a2200000$$$4500
001 0034750
005 20240502071445.5
041 0 |a slo 
044 |a SK 
245 1 0 |a OLI paradigma (alebo Eklektická teória PZI)  |c Matej Kováč 
520 |a Vysvetlenie pojmu OLI paradigma a jeho charakteristika. Faktor "O" ako výhody vlastníctva, t.j. špecifické firemné výhody (výhody vlastníctva technológie, riadenie). Faktor "L" ako geografické výhody hostiteľskej krajiny. Faktor "I" ako výhody z internalizácie (transakcie medzi materskou spoločnosťou a dcérskymi spoločnosťami a medzi dcérskymi spoločnosťami navzájom). Vývoj eklektickej teórie. 
610 2 0 |a investície priame zahraničné 
610 2 0 |a korporácie transnacionálne 
610 2 0 |a paradigma 
610 2 0 |a teória eklektická 
610 2 0 |a trh 
610 2 0 |a lokalizácia 
610 2 0 |a výhody konkurenčné 
100 1 |a Kováč, Matej